Visualizzazione normale
Vista MARC
- Eurisko - Famiglia cristiana
di Personal Name
Records bibliografici associati: 1
001 - CONTROL NUMBER
- control field: 62880
003 - CONTROL NUMBER IDENTIFIER
- control field:
005 - DATE AND TIME OF LATEST TRANSACTION
- control field: 20251209134715.0
008 - FIXED-LENGTH DATA ELEMENTS
- fixed length control field: 251209|| aca||aabn | a|a d
040 ## - CATALOGING SOURCE
- Original cataloging agency:
- Transcribing agency:
100 ## - HEADING--PERSONAL NAME
- Personal name: Eurisko - Famiglia cristiana
670 ## - SOURCE DATA FOUND
- Source citation: Work cat.: ()206364: Eurisko - Famiglia cristiana, Le famiglie italiane e la crisi, 2011